Sociologický časopis

Na minha lista:
Detalhes bibliográficos
Formato: Periódico
Idioma:eslovaco
Publicado em: Bratislava Academia 1982
Tags: Adicionar Tag
Sem tags, seja o primeiro a adicionar uma tag!

MARC

LEADER 00000nas2a22000001 4500
001 s123112
005 20250730114214.7
041 0 |a slo 
044 |a SK 
245 1 0 |a Sociologický časopis 
264 1 |a Bratislava  |b Academia  |c 1982 
300 |a 1 zv. 
773 0 |w eu_un_cat*s120781